000 01183nam a2200301Ia 4500
001 ebr10601795
003 CaPaEBR
006 m u
007 cr cn|||||||||
008 120928s2012 ts sb 001 0 eng d
020 _z9781608051472 (ebook)
020 _z9781608055289
040 _aCaPaEBR
_cCaPaEBR
035 _a(OCoLC)815476364
050 1 4 _aTK7875
_b.O53 2012eb
245 0 0 _aOn-chip pretreatment of whole blood by using MEMS technology
_h[electronic resource] /
_ceditor, Xing Chen.
260 _a[Saif Zone, Sharjah, UAE] :
_bBentham eBooks,
_c[2012]
300 _aiii, 118 p.
504 _aIncludes bibliographical references and index.
533 _aElectronic reproduction.
_bPalo Alto, Calif. :
_cebrary,
_d2011.
_nAvailable via World Wide Web.
_nAccess may be limited to ebrary affiliated libraries.
650 0 _aMicroelectromechanical systems.
650 0 _aMicrofluidic devices.
650 0 _aBlood
_xAnalysis.
655 7 _aElectronic books.
_2local
700 1 _aChen, Xing.
710 2 _aebrary, Inc.
856 4 0 _uhttp://site.ebrary.com/lib/rucke/Doc?id=10601795
_zAn electronic book accessible through the World Wide Web; click to view
999 _c194442
_d194442